Errate Berühmte Cartoon Serien #2 - Statistiken

Allgemein
  • Dieses Quiz wurde 763 mal gespielt
  • Das Durchschnittsergebnis liegt bei 5 aus 15
Antwortstatistiken
Bildquiz Antwort % Korrekt
Tom und Jerry
96%
LEGO Ninjago
91%
Teenage Mutant Ninja Turtles
78%
Ben 10
53%
Arcane
50%
Big Mouth
49%
Johnny Test
31%
Teen Titans Go!
18%
Die fantastische Welt von Gumball
17%
Johnny Bravo
17%
We Bare Bears – Bären wie wir
13%
Regular Show
10%
Inside Job
7%
Clarence
5%
Final Space
5%
Keine übereinstimmenden Quizze gefunden
Verteilung der Resultate
Anzahl Personen mit jedem Resultat
Perzentil nach korrekt beantworteten Fragen
Ihre Resultats-Entwicklung
Sie haben dieses Quiz noch nicht gespielt